Cognitive development and learning in istructional contexts
Αποθηκεύτηκε σε:
| Κύριος συγγραφέας: | |
|---|---|
| Μορφή: | Βιβλίο |
| Γλώσσα: | English |
| Δημοσίευση: |
Boston :
Allyn and Bacon,
1996
|
| Θέματα: | |
| Ετικέτες: |
Προσθήκη ετικέτας
Δεν υπάρχουν, Καταχωρήστε ετικέτα πρώτοι!
|
MARC
| LEADER | 00000nam a2200000 i 4500 | ||
|---|---|---|---|
| 001 | 1/92371 | ||
| 008 | 991112s1996 eng d | ||
| 020 | |a 0-205-15950-8 | ||
| 035 | |l 10054026 | ||
| 040 | |a GR-MY-UA |b gre |e aacr | ||
| 041 | 0 | |a eng | |
| 082 | 0 | |a 370.152 | |
| 100 | 1 | |a Byrnes, James P. | |
| 245 | 1 | 0 | |a Cognitive development and learning in istructional contexts / |c James P. Byrnes |
| 260 | |a Boston : |b Allyn and Bacon, |c 1996 | ||
| 300 | |a 296 p. | ||
| 650 | 0 | 0 | |a Educational psychology. |
| 650 | 0 | 0 | |a Cognition. |
| 650 | 0 | 0 | |a Learning, Psychology of. |
| 650 | 0 | 0 | |a Child psychology. |
| 852 | |a INST |b RHODES |e 19991112 |h 370.152 BYR |p 005400012528 |q 005400012528 |t BK |y 0 | ||
| 901 | |a BIBL4-1999-3 | ||
| 909 | |a Ρ |b 068881 | ||
| 922 | |a 4ΕΛΗ |b 199909 |c ΚΠΣ/154 |d GLORY BOOKS | ||
| 970 | |a ΚΟΥΛΑΚΙΟΤΗ |b ΛΙΤΣΑ |z 1999/11/12 | ||